Indonesia handbook, 1974

में बचाया:
ग्रंथसूची विवरण
निगमित लेखक: Indonesia. Departement of Information
स्वरूप: पुस्तक
भाषा:Undetermined
प्रकाशित: Djarkata Departement of information 1974
विषय:
टैग : टैग जोड़ें
कोई टैग नहीं, इस रिकॉर्ड को टैग करने वाले पहले व्यक्ति बनें!
Thư viện lưu trữ: Trung tâm Học liệu Trường Đại học Cần Thơ
LEADER 00488nam a2200181Ia 4500
001 CTU_90526
008 210402s9999 xx 000 0 und d
082 |a 910.3 
082 |b I.41 
110 |a Indonesia. Departement of Information 
245 0 |a Indonesia handbook, 1974 
260 |a Djarkata 
260 |b Departement of information 
260 |c 1974 
650 |a Handbook 
650 |z Indonesia 
904 |i Vương 
980 |a Trung tâm Học liệu Trường Đại học Cần Thơ